000 00672nam a2200193 i 4500
001 101249
003 ES-MaACL
005 20230906182845.0
007 t|
008 051017s1933 sp ||||1| spa d
100 1 _aMay, Charles Henry.
_979320
245 1 0 _aManual de las enfermedades de los ojos para estudiantes /
_cpor el Dr. Charles H. May.
250 _a9ª ed. española
_btraducción de la 13ª ed. americana por el prof. C. E. Finlay.
260 _aBarcelona :
_b[s.n.],
_c1933 (
_fImp. Hispano-Americana)
300 _aIX, 509 p. :
_bil. ;
_c21 cm.
650 4 _aOjos-
_xEnfermedades.
_9139434
700 1 _aFinlay, C. E.
_950911
852 _aES-MaACL
_jE-484
999 _c101249
_d101249